Statistics for Life Science GCSE Questions

Click here to take the quiz!

General Stats

  • This quiz has been taken 19 times
  • The average score is 2 of 10

Answer Stats

QuestionAnswer% Correct
3. What is the equation for density?mass/volume
73%
1. What is the word equation for photosynthesis?carbon dioxide + water = glucose + oxygen
53%
2. What 3 things do white blood cells do to protect the body from pathogens?phagocytosis
produce antibodies
produce antitoxins
27%
7. What is glucose used for from photosynthesis?respiration
to produce cellulose
combined with nitrate ions
13%
6. Define active transportMovement of molecules across a cell membrane from a region of low concentration to a region of high concentration
0%
5. What is diffusion?Net movement of anything from higher concentration to lower concentration
0%
4. Define osmosisNet movement of water from a dilute to more concentrated area across a partially permeable membrane
0%
10. What is phagocytosis?When a phagocyte surrounds any pathogen in the blood and engulfs them.
0%
9. What is type 2 diabetes?Where a persons body cells no longer respond to insulin produced by the pancreas
0%
8. What is type 1 diabetes?Where the pancreas fails to produce enough insulin
0%

Score Distribution

Percentile by Number Answered

Percent of People with Each Score

Your Score History

You have not taken this quiz